[Event "Turniej Niepodleglosci 2023"]
[Site "Warsaw POL"]
[Date "2023.11.11"]
[Round "9.6"]
[White "Nawalaniec, Adam"]
[Black "Gdanski, Jacek"]
[Result "0-1"]
[WhiteElo "1801"]
[BlackElo "2356"]
[PlyCount "94"]

1.e4 e6 2.d4 d5 3.Nd2 c5 4.Ngf3 cxd4 5.exd5 Qxd5 6.Bc4 Qd6 7.O-O Nf6 8.Nb3 Nc6 
9.Nbxd4 Nxd4 10.Qxd4 Qxd4 11.Nxd4 a6 12.Be2 Bc5 13.Nb3 Bb6 14.Bf3 Ke7 15.Bf4 
Rd8 16.Rad1 a5 17.Rxd8 Kxd8 18.Rd1+ Nd7 19.a4 f6 20.Bd6 e5 21.c4 Bc7 22.Ba3 Ke8 
23.c5 Nb8 24.Nd2 Bd7 25.Bxb7 Ra7 26.Be4 Bxa4 27.b3 Bc6 28.Bxh7 Rb7 29.Bg6+ Ke7 
30.h4 Ke6 31.g4 Bd5 32.Bf5+ Kf7 33.Bc2 Nc6 34.Be4 Bxe4 35.Nxe4 Ke6 36.Rd3 Nd4 
37.Nd2 Kd5 38.f3 Bb8 39.Kf2 Ba7 40.Rc3 Nb5 41.Rd3+ Kc6 42.Bb2 Bxc5+ 43.Ke2 Nd6 
44.Ne4 Nxe4 45.fxe4 a4 46.Kd2 axb3 47.Kc3 Bd4+ 0-1

[Event "Turniej Niepodleglosci 2023"]
[Site "Warsaw POL"]
[Date "2023.11.11"]
[Round "9.7"]
[White "Cukrowski, Filip"]
[Black "Kokoszczynski, Jan"]
[Result "1-0"]
[WhiteElo "2298"]
[BlackElo "2257"]
[PlyCount "91"]

1.d4 d5 2.c4 c6 3.Nc3 Nf6 4.Nf3 e6 5.g3 Nbd7 6.Bg2 dxc4 7.a4 Bb4 8.O-O O-O 
9.Nd2 e5 10.Nxc4 Qe7 11.Na2 exd4 12.Nxb4 Qxb4 13.b3 Qe7 14.Qxd4 Re8 15.Bb2 Nc5 
16.Rad1 Nxb3 17.Qh4 Nd5 18.Qxe7 Rxe7 19.e4 Nc7 20.Ba3 Re8 21.Nd6 Rd8 22.Nb5 Bg4 
23.Rxd8+ Rxd8 24.Nxc7 Rd7 25.Rb1 Na5 26.h3 Be2 27.Na8 Nc4 28.Bc5 b6 29.Be3 Nxe3 
30.fxe3 Rd8 31.Kf2 Bh5 32.Nc7 Rd7 33.Na6 f6 34.Nb4 Rd2+ 35.Kg1 c5 36.Nd5 Be2 
37.Bf1 Bf3 38.Nc3 Rc2 39.Nb5 Bxe4 40.Rd1 a6 41.Nd6 Bf3 42.Rb1 b5 43.axb5 axb5 
44.Rxb5 h5 45.Rb8+ Kh7 46.Bd3+ 1-0

[Event "Turniej Niepodleglosci 2023"]
[Site "Warsaw POL"]
[Date "2023.11.11"]
[Round "9.8"]
[White "Nguyen, Piotr"]
[Black "Przedmojski, Rafal"]
[Result "1-0"]
[WhiteElo "2275"]
[BlackElo "2240"]
[PlyCount "103"]

1.c4 e5 2.g3 Nc6 3.Bg2 Bc5 4.Nc3 d6 5.e3 a6 6.Nf3 Bg4 7.h3 Bh5 8.g4 Bg6 9.d4 
Ba7 10.O-O Nge7 11.b4 exd4 12.exd4 O-O 13.a3 Qd7 14.Ra2 Rae8 15.b5 axb5 16.Nxb5 
Bb8 17.Re2 Nd8 18.d5 Nc8 19.Rfe1 Nb6 20.Qd4 Na4 21.Nh4 Rxe2 22.Rxe2 Re8 
23.Rxe8+ Qxe8 24.Be3 Nc5 25.Nxg6 hxg6 26.f4 Qe7 27.g5 c6 28.Nc3 Ba7 29.Kh2 Bb6 
30.Bg1 Na4 31.Qe4 Bxg1+ 32.Kxg1 Qxe4 33.Nxe4 Nb6 34.Nxd6 Kf8 35.dxc6 bxc6 36.c5 
Na4 37.Ne4 Ke7 38.Kf2 Ne6 39.Ke3 Kd7 40.Nd6 f6 41.gxf6 gxf6 42.Ne4 f5 43.Nd2 
Naxc5 44.Nc4 g5 45.fxg5 Nxg5 46.Kf4 Nf7 47.Kxf5 Nd6+ 48.Nxd6 Kxd6 49.h4 Nb7 
50.h5 Nd8 51.Kf6 c5 52.h6 1-0

[Event "Turniej Niepodleglosci 2023"]
[Site "Warsaw POL"]
[Date "2023.11.11"]
[Round "9.9"]
[White "Galuszka, Tomasz"]
[Black "Kuzmicz, Krystian"]
[Result "1/2-1/2"]
[WhiteElo "2069"]
[BlackElo "2359"]
[PlyCount "122"]

1.e4 c5 2.Nf3 e6 3.d4 cxd4 4.Nxd4 Nf6 5.Nc3 Nc6 6.Nxc6 bxc6 7.e5 Nd5 8.Ne4 Qa5+ 
9.c3 Ba6 10.Bxa6 Qxa6 11.Qe2 Qxe2+ 12.Kxe2 f5 13.exf6 Nxf6 14.Nxf6+ gxf6 15.Be3 
d5 16.Rad1 Bd6 17.Rd4 Kd7 18.Ra4 a5 19.f3 c5 20.b3 Rhg8 21.g3 Kc6 22.Kd3 e5 
23.Rh4 Rg7 24.Rb1 a4 25.Kc2 axb3+ 26.axb3 d4 27.Bd2 f5 28.b4 Ra2+ 29.Kd1 Rb7 
30.Rh6 Ra4 31.Rc1 d3 32.bxc5 Kxc5 33.Be3+ Kc6 34.Kd2 e4 35.fxe4 fxe4 36.Bf4 
Ra2+ 37.Ke3 Re2+ 38.Kd4 Rd7 39.Ra1 d2 40.Bxd2 Rxd2+ 41.Kxe4 Kb7 42.Rb1+ Kc7 
43.Ra1 Bc5 44.Raa6 Re7+ 45.Kf3 Rd3+ 46.Kg4 Rxc3 47.Rac6+ Kd7 48.Rhd6+ Bxd6 
49.Rxc3 Re5 50.h4 h5+ 51.Kh3 Re2 52.Rb3 Ke6 53.Rb5 Be5 54.Rb6+ Kd5 55.Rg6 Ke4 
56.Rg8 Ra2 57.Rg5 Ra3 58.Rg8 Kf3 59.Rf8+ Ke2 60.Rg8 Kf2 61.Rf8+ Kg1 1/2-1/2

[Event "Turniej Niepodleglosci 2023"]
[Site "Warsaw POL"]
[Date "2023.11.11"]
[Round "9.10"]
[White "Fistek, Dariusz"]
[Black "Mis, Mieszko"]
[Result "0-1"]
[WhiteElo "2043"]
[BlackElo "2321"]
[PlyCount "76"]

1.d4 d6 2.Nf3 Bg4 3.Nbd2 Nf6 4.c4 Nbd7 5.h3 Bh5 6.e3 e5 7.Be2 Be7 8.O-O O-O 
9.b3 exd4 10.Nxd4 Bg6 11.Bb2 Nc5 12.N2f3 Re8 13.Nh4 Be4 14.b4 Ncd7 15.f3 Bg6 
16.Nxg6 hxg6 17.g4 Bf8 18.e4 c6 19.Kg2 d5 20.exd5 cxd5 21.c5 Ne5 22.Bb5 Nc4 
23.Bxc4 dxc4 24.Re1 Nd5 25.Qd2 Rxe1 26.Rxe1 g5 27.Re4 a5 28.Qc2 Nf4+ 29.Kh2 Nd3 
30.b5 Nxc5 31.Qxc4 Nxe4 32.fxe4 Bd6+ 33.Kg2 Be5 34.Bc3 Rc8 35.Nc6 bxc6 36.Bxe5 
cxb5 37.Qxb5 Rc2+ 38.Kf3 Qd1+ 0-1

[Event "Turniej Niepodleglosci 2023"]
[Site "Warsaw POL"]
[Date "2023.11.11"]
[Round "9.11"]
[White "Zochowski, Kacper"]
[Black "Goraj, Barbara"]
[Result "0-1"]
[WhiteElo "2183"]
[BlackElo "2022"]
[PlyCount "142"]

1.Nf3 d5 2.g3 c5 3.Bg2 e6 4.O-O Nf6 5.d3 Be7 6.Nbd2 Nc6 7.e4 b6 8.Re1 Bb7 9.e5 
Nd7 10.Nf1 Qc7 11.Qe2 h6 12.h4 O-O-O 13.h5 Rdg8 14.c3 Ba6 15.Bh3 g6 16.hxg6 
Rxg6 17.Bf4 h5 18.a3 Qd8 19.b4 Qg8 20.Rab1 Bb7 21.bxc5 Nxc5 22.Ne3 Kd8 23.Bg2 
h4 24.Nd4 hxg3 25.fxg3 Bg5 26.Nf3 Be7 27.Nf1 Qh7 28.c4 dxc4 29.dxc4 Kc8 30.Red1 
Rgg8 31.N3h2 Bg5 32.Qf2 Nd3 33.Rxd3 Qxd3 34.Re1 Bxf4 35.Qxf4 Qd4+ 36.Qxd4 Nxd4 
37.Bxb7+ Kxb7 38.Rd1 Rd8 39.Kf2 Nc6 40.Re1 Rd4 41.Kf3 Rxc4 42.Ng4 Rc3+ 43.Nfe3 
Rxa3 44.Rd1 Rd8 45.Rh1 Nd4+ 46.Kf4 Ra4 47.Rh7 Nf5+ 48.Kg5 Nxe3 49.Rxf7+ Kc6 
50.Nxe3 Rg8+ 51.Kf6 Rxg3 52.Nc2 Rf3+ 53.Kxe6 Rxf7 54.Kxf7 Rf4+ 55.Ke7 a5 56.e6 
Re4 57.Na3 Kd5 58.Kd7 Rxe6 59.Kc7 Rc6+ 60.Kb7 Rh6 61.Ka6 Kc5 62.Nb5 a4 63.Na3 
Kb4 64.Nc2+ Kc3 65.Na3 Kb3 66.Nb1 a3 67.Nd2+ Kc3 68.Nb1+ Kb2 69.Nd2 a2 70.Nc4+ 
Kc3 71.Kb5 Rh5+ 0-1

[Event "Turniej Niepodleglosci 2023"]
[Site "Warsaw POL"]
[Date "2023.11.11"]
[Round "9.12"]
[White "Czernek, Tymon"]
[Black "Kovalevsky, Stanislav"]
[Result "1-0"]
[WhiteElo "2180"]
[BlackElo "2023"]
[PlyCount "63"]

1.e4 c6 2.d4 d5 3.f3 g6 4.Nc3 Bg7 5.Be3 Qa5 6.Qd2 Na6 7.O-O-O Bd7 8.Kb1 O-O-O 
9.Nge2 e6 10.Nc1 Nc7 11.Nb3 Qb4 12.Nc5 b6 13.a3 bxc5 14.axb4 cxb4 15.Na4 a5 
16.Nc5 Ne7 17.Bf4 e5 18.Bxe5 Bxe5 19.dxe5 Be6 20.Nxe6 fxe6 21.Qg5 Rd7 22.exd5 
Nexd5 23.Bc4 Rhd8 24.Rd3 Nb6 25.Rxd7 Rxd7 26.Qg4 h5 27.Qe4 c5 28.Bb5 Rd5 29.Bc6 
Rd4 30.Qxg6 Nc4 31.Qg8+ Rd8 32.Bb7+ 1-0

[Event "Turniej Niepodleglosci 2023"]
[Site "Warsaw POL"]
[Date "2023.11.11"]
[Round "9.13"]
[White "Mulawa, Cyprian"]
[Black "Zielonka, Adam"]
[Result "1/2-1/2"]
[WhiteElo "2170"]
[BlackElo "1971"]
[PlyCount "116"]

1.Nf3 c5 2.g3 Nc6 3.Bg2 e5 4.d3 g6 5.O-O Bg7 6.e4 Nge7 7.Na3 O-O 8.c3 d5 9.exd5 
Nxd5 10.Nc4 Re8 11.a4 h6 12.Re1 Nb6 13.Nxb6 axb6 14.Be3 Be6 15.Qc2 Na5 16.Nd2 
Bd5 17.Bf1 Rc8 18.Rad1 Qc7 19.h4 f5 20.Nc4 Bf3 21.Be2 Bxe2 22.Qxe2 Nxc4 23.dxc4 
f4 24.Bc1 fxg3 25.fxg3 e4 26.Qg4 Qc6 27.Rd5 h5 28.Qd1 Re6 29.Bf4 Rce8 30.Rd7 
R8e7 31.Rxe7 Rxe7 32.Qd8+ Re8 33.Qd5+ Kh7 34.Qxc6 bxc6 35.Bc7 Ra8 36.Bxb6 Rxa4 
37.Rxe4 Ra2 38.b4 Bxc3 39.Bxc5 Rb2 40.Re7+ Kg8 41.Re6 Kf7 42.Rxc6 Bxb4 43.Bd4 
Rc2 44.Rf6+ Ke7 45.Rxg6 Rxc4 46.Be3 Bc5 47.Bxc5+ Rxc5 48.Kf2 Kf7 49.Rb6 Kg7 
50.Kf3 Rc3+ 51.Kf4 Rc4+ 52.Kf5 Rc5+ 53.Kf4 Rc4+ 54.Kf3 Rc3+ 55.Kg2 Rc2+ 56.Kh3 
Ra2 57.Rb5 Kg6 58.Rg5+ Kh6 1/2-1/2

[Event "Turniej Niepodleglosci 2023"]
[Site "Warsaw POL"]
[Date "2023.11.11"]
[Round "9.14"]
[White "Krawczyk, Flawian"]
[Black "Adamski, Jan"]
[Result "1-0"]
[WhiteElo "2116"]
[BlackElo "1955"]
[PlyCount "99"]

1.d4 Nf6 2.c4 e6 3.Nf3 Bb4+ 4.Nbd2 O-O 5.a3 Be7 6.g3 b6 7.Bg2 Bb7 8.O-O c5 
9.dxc5 bxc5 10.Qc2 d6 11.b3 Qc7 12.Bb2 Nfd7 13.Rad1 Bf6 14.Nb1 Bxb2 15.Qxb2 Nf6 
16.Nc3 a6 17.Rd3 Rd8 18.Rfd1 Nc6 19.Qd2 Ne8 20.Ne4 Nb4 21.axb4 Bxe4 22.Re3 Bb7 
23.bxc5 Qxc5 24.Rd3 Rab8 25.Rd4 Bc6 26.Rb1 a5 27.Rg4 Nf6 28.Rg5 Qb4 29.Rxa5 Be4 
30.Qxb4 Rxb4 31.Rb2 Bxf3 32.Bxf3 Rdb8 33.Rd2 R4b6 34.Rd3 Kf8 35.Kg2 Ke7 36.Ra7+ 
Kf8 37.g4 h6 38.h4 Ke8 39.Rc7 g5 40.hxg5 hxg5 41.b4 Rxb4 42.Rxd6 Kf8 43.Ra6 Ne8 
44.Rc5 Nf6 45.Rac6 Nd7 46.Rxg5 Ke7 47.Ra5 Kf6 48.Rc7 Ne5 49.g5+ Kf5 50.Rxf7+ 1-0

[Event "Turniej Niepodleglosci 2023"]
[Site "Warsaw POL"]
[Date "2023.11.11"]
[Round "9.15"]
[White "Jarocka, Liwia"]
[Black "Bartel, Michal"]
[Result "1/2-1/2"]
[WhiteElo "1975"]
[BlackElo "2220"]
[PlyCount "164"]

1.e4 e5 2.Nf3 Nc6 3.Bb5 g6 4.d4 exd4 5.Bg5 Be7 6.Bxe7 Qxe7 7.Bxc6 dxc6 8.Qxd4 
Nf6 9.Nc3 Bg4 10.Nd2 c5 11.Qe3 O-O-O 12.f3 Be6 13.O-O-O b6 14.Rhe1 Rd7 15.Qe2 
Kb7 16.Nf1 Nh5 17.Rxd7 Bxd7 18.g3 Re8 19.Kb1 Ng7 20.Nd5 Qe5 21.Qd2 Bc6 22.Nc3 
Ne6 23.f4 Qh5 24.e5 Nd4 25.Qd1 Bf3 26.Qc1 Rd8 27.Qe3 Bg2 28.Qf2 Qf3 29.Qg1 Qc6 
30.Nd2 b5 31.Qf2 Bh3 32.Nce4 Bf5 33.c3 Ne6 34.Ka1 Qd5 35.Qe2 c4 36.b4 Qd3 
37.Kb2 h5 38.Nb1 a6 39.a3 Kb8 40.Nf2 Qd5 41.Ne4 a5 42.Qe3 axb4 43.axb4 Kb7 
44.Nf6 Qd3 45.Qxd3 cxd3 46.Nd2 c5 47.Nfe4 Kc6 48.Nxc5 Nxc5 49.bxc5 Kxc5 50.Nb3+ 
Kc4 51.Nd2+ Kd5 52.Ra1 g5 53.Ra5 Rb8 54.Ra7 Bg6 55.Rd7+ Ke6 56.Rd6+ Kf5 57.Rf6+ 
Kg4 58.e6 gxf4 59.Rxf4+ Kh3 60.exf7 Rf8 61.Nf3 Kg2 62.Kc1 Rxf7 63.Nh4+ Kxh2 
64.Nxg6 Rc7 65.Kd2 Kxg3 66.Rf5 Rg7 67.Rg5+ Kf2 68.Kxd3 h4 69.Rf5+ Kg3 70.Nxh4 
Kxh4 71.Rxb5 Kg4 72.Re5 Kf4 73.Re8 Rg1 74.Kc4 Kf5 75.Kc5 Kf6 76.c4 Kf7 77.Re2 
Rc1 78.Kb5 Rb1+ 79.Kc6 Rc1 80.c5 Kf8 81.Kb6 Kf7 82.Kc7 Rxc5+ 1/2-1/2

[Event "Turniej Niepodleglosci 2023"]
[Site "Warsaw POL"]
[Date "2023.11.11"]
[Round "9.16"]
[White "Chylewski, Patryk"]
[Black "Dylag, Emilia"]
[Result "0-1"]
[WhiteElo "2173"]
[BlackElo "1965"]
[PlyCount "94"]

1.e4 e5 2.f4 exf4 3.Qf3 Ne7 4.Qxf4 Ng6 5.Qf2 d5 6.exd5 Qxd5 7.Nc3 Qe6+ 8.Be2 
Be7 9.Nf3 O-O 10.d4 c6 11.O-O h6 12.Bd2 Nd7 13.Rae1 Nf6 14.Bd3 Qd6 15.Ne4 Nxe4 
16.Bxe4 Bf6 17.c3 b6 18.Bc2 Ba6 19.Rd1 Bxf1 20.Rxf1 Rfe8 21.Bb3 c5 22.dxc5 Qxc5 
23.Qxc5 bxc5 24.Re1 Rxe1+ 25.Bxe1 Nf4 26.Bf2 Rc8 27.Bc4 a5 28.Be3 Ng6 29.Kf2 
Ne5 30.Nxe5 Bxe5 31.h3 Kf8 32.Kf3 Ke7 33.Ke4 Kd6 34.Bxf7 Rb8 35.Bb3 a4 36.Bxa4 
Rxb2 37.Bb3 Bxc3 38.g4 Rh2 39.g5 Rxh3 40.gxh6 gxh6 41.Bf4+ Kc6 42.Bc4 Bd4 43.a4 
h5 44.a5 Ra3 45.a6 h4 46.Bb8 Kb6 47.Kd5 h3 0-1

[Event "Turniej Niepodleglosci 2023"]
[Site "Warsaw POL"]
[Date "2023.11.11"]
[Round "9.18"]
[White "Deszczynski, Adam"]
[Black "Klim, Filip"]
[Result "1/2-1/2"]
[WhiteElo "2141"]
[BlackElo "1898"]
[PlyCount "54"]

1.c4 e6 2.Nf3 d5 3.g3 Nf6 4.Bg2 Be7 5.O-O O-O 6.d4 dxc4 7.Qc2 a6 8.a4 Bd7 9.Rd1 
Bc6 10.Nc3 Nbd7 11.e4 b5 12.d5 exd5 13.exd5 Bb7 14.axb5 axb5 15.Rxa8 Bxa8 
16.Nd4 b4 17.Nc6 Bxc6 18.dxc6 bxc3 19.Qxc3 Bd6 20.cxd7 Qxd7 21.Qxc4 Rb8 22.h3 
Qb5 23.Qxb5 Rxb5 24.Rd3 h6 25.b3 Ra5 26.Bd2 Ra1+ 27.Kh2 Ra2 1/2-1/2

[Event "Turniej Niepodleglosci 2023"]
[Site "Warsaw POL"]
[Date "2023.11.11"]
[Round "9.19"]
[White "Polak, Michal"]
[Black "Kubicka, Anna"]
[Result "0-1"]
[WhiteElo "1862"]
[BlackElo "2122"]
[PlyCount "66"]

1.d4 Nf6 2.Nf3 g6 3.g3 Bg7 4.Bg2 O-O 5.O-O d6 6.b3 Nbd7 7.Bb2 c6 8.Nbd2 Re8 
9.e4 Qc7 10.c4 e5 11.Re1 a5 12.Qc2 b6 13.Rad1 Bb7 14.a4 Rad8 15.Nf1 exd4 
16.Nxd4 Nc5 17.h3 Qc8 18.Kh2 Re7 19.Re2 Rde8 20.Rde1 Na6 21.f4 Nb4 22.Qb1 Nd7 
23.Qa1 Nd3 24.Nxc6 Bxc6 25.Bxg7 Nxe1 26.Rxe1 Bxe4 27.Bh8 f6 28.Bxf6 Nxf6 
29.Qxf6 Bxg2 30.Rxe7 Qxh3+ 31.Kg1 Qh1+ 32.Kf2 Qxf1+ 33.Ke3 Qe1+ 0-1

[Event "Turniej Niepodleglosci 2023"]
[Site "Warsaw POL"]
[Date "2023.11.11"]
[Round "9.20"]
[White "Celinski, Kamil"]
[Black "Smieszek, Wojciech"]
[Result "1-0"]
[WhiteElo "1828"]
[BlackElo "2089"]
[PlyCount "151"]

1.d4 Nf6 2.Nf3 c5 3.d5 e6 4.c4 exd5 5.cxd5 d6 6.Nc3 g6 7.Bf4 Bg7 8.e4 O-O 9.Bd3 
Bg4 10.h3 Bxf3 11.Qxf3 Re8 12.O-O a6 13.a4 Qe7 14.Rfe1 Nbd7 15.Qg3 Ne5 16.Bxe5 
Qxe5 17.Qxe5 Rxe5 18.f4 Ree8 19.Rab1 Nd7 20.Nd1 Rac8 21.Ne3 Bd4 22.Kf1 Bxe3 
23.Rxe3 c4 24.Bc2 b5 25.axb5 axb5 26.Ra3 Nc5 27.Re1 b4 28.Ra7 b3 29.Bb1 Ra8 
30.Rc7 f6 31.Rc6 Ra1 32.Kf2 Rea8 33.Rxd6 Na4 34.e5 fxe5 35.fxe5 Nxb2 36.e6 c3 
37.e7 Re8 38.Rd8 Kf7 39.Bxg6+ hxg6 40.Rxa1 Nd3+ 41.Ke3 Nb4 42.d6 Nc2+ 43.Kd3 
Nxa1 44.Kxc3 Nc2 45.d7 Rxe7 46.Rf8+ Kxf8 47.d8=Q+ Kf7 48.Qd5+ Kf8 49.Kxb3 Ne3 
50.Qf3+ Nf5 51.Kc4 Kg7 52.g4 Nd6+ 53.Kd5 Nf7 54.Qc3+ Kh7 55.Qf6 Ra7 56.Ke6 Nh6 
57.Qf1 Rb7 58.Qf2 Rc7 59.Kd6 Rb7 60.Qf3 Rf7 61.Qc3 Rb7 62.Qc8 Ra7 63.Ke6 Ng8 
64.g5 Re7+ 65.Kd6 Ra7 66.Qc5 Rb7 67.h4 Rg7 68.Qc2 Kh8 69.Qc3 Kh7 70.Qh3 Ne7 
71.Ke6 Ng8 72.Qg4 Re7+ 73.Kd6 Rf7 74.Qe2 Kg7 75.Qd3 Kh7 76.Qc3 1-0